00306 a2200133 450000100060000002000060000604000370001210000370004924000200008624500150010630000110012136200090013265000310014172031 a  cAnchieta - Colégio São Paulo aRodrigues, Amélia (Espírito)10aO semeadorlpor10aO semeador a[14p.]0 a1996 4aLiteratura infanto-juvenil